L'infedeltà delusa /

Bibliographic Details
Main Author: Haydn, Joseph, 1732-1809
Corporate Author: Petite Bande (Performer)
Other Authors: Coltellini, Marco, 1719-1777 (Librettist), Argenta, Nancy (Performer), Lootens, Lena (Performer), Prégardien, Christoph (Performer), Schäfer, Markus, 1961- (Performer), Varcoe, Stephen (Performer), Kuijken, Sigiswald (Conductor)
Format: CD Audio
Language:Italian
Published: Freiburg : Deutsche Harmonia Mundi, [1989]
Subjects:

MARC

Tag First Indicator Second Indicator Subfields
LEADER 00000cjm a2200000 a 4500
001 in00002379513
005 20151109043809.0
007 sd zsnznnmlne|
008 930820p19891987gw opn ita
010 |a  93722227  
019 |a 22994205 
024 1 |a 054727709920 
028 0 2 |a 77099-2-RC  |b Deutsche Harmonia Mundi 
029 1 |a NZ1  |b 4294513 
029 1 |a AU@  |b 000024771464 
033 2 |a 19870514  |a 19880317  |b 6004  |c H2 
035 |a (OCoLC)ocm28848977 
035 |a (OCoLC)28848977  |z (OCoLC)22994205 
040 |a DLC  |c DLC  |d OBE  |d CNO  |d UtOrBLW 
041 0 |d ita  |g eng  |g fre  |g ger  |g ita 
045 0 |b d1773 
049 |a TXAM 
050 0 0 |a SDA  |b 70311 
090 |a M1500.H4  |b L56 1989 
100 1 |a Haydn, Joseph,  |d 1732-1809. 
245 1 2 |a L'infedeltà delusa /  |c Joseph Haydn. 
264 1 |a Freiburg :  |b Deutsche Harmonia Mundi,  |c [1989] 
264 4 |c ℗1989 
300 |a 2 sound discs (120 min.) :  |b digital ;  |c 4 3/4 in. 
306 |a 020000 
336 |a performed music  |b prm  |2 rdacontent 
337 |a audio  |b s  |2 rdamedia 
338 |a audio disc  |b sd  |2 rdacarrier 
500 |a Opera. 
500 |a Libretto by Marco Coltellini. 
511 0 |a Nancy Argenta, Lena Lootens, sopranos ; Christoph Prégardien, Markus Schäfer, tenors ; Stephen Varcoe, bass ; La Petite Bande ; Sigiswald Kuijken, conductor. 
518 |a Recorded May 14-18, 1987 and Mar. 16-17, 1988, Haarlem. 
500 |a Compact discs. 
500 |a Sound recording. 
650 0 |a Operas. 
700 1 |a Coltellini, Marco,  |d 1719-1777,  |e librettist. 
700 1 |a Argenta, Nancy,  |e performer. 
700 1 |a Lootens, Lena,  |e performer. 
700 1 |a Prégardien, Christoph,  |e performer. 
700 1 |a Schäfer, Markus,  |d 1961-  |e performer. 
700 1 |a Varcoe, Stephen,  |e performer. 
700 1 |a Kuijken, Sigiswald,  |e conductor. 
710 2 |a Petite Bande,  |e performer. 
948 |a cataloged  |b h  |c 2008/4/28  |d c  |e bhartsfi  |f 10:46:07 am 
994 |a C0  |b TXA 
999 |a MARS 
999 f f |s 6b0db574-09b0-3560-9682-85706dec56e5  |i 3fe0a58b-af23-3751-8e5a-3a2d982f47b6  |t 0 
952 f f |p ric  |a Texas A&M University  |b Rellis Campus  |c Joint Library Facility  |d Remote Storage  |t 0  |e M1500.H4 L56 1989  |h Library of Congress classification  |i audio -- audio disc  |m A14837147490 
998 f f |a M1500.H4 L56 1989  |t 0  |l Remote Storage